Recent Advances in Orthodontics (Record no. 26773)

MARC details
000 -LEADER
fixed length control field 00397nam a22001697a 4500
003 - CONTROL NUMBER IDENTIFIER
control field SGT
020 ## - INTERNATIONAL STANDARD BOOK NUMBER
International Standard Book Number 9789358426038
082 ## - DEWEY DECIMAL CLASSIFICATION NUMBER
Classification number 617.643
Item number R23S
100 ## - MAIN ENTRY--PERSONAL NAME
Personal name Saini, Saumya
245 ## - TITLE STATEMENT
Title Recent Advances in Orthodontics
260 ## - PUBLICATION, DISTRIBUTION, ETC. (IMPRINT)
Place of publication, distribution, etc Lucknow, India
Name of publisher, distributor, etc Book Rivers
Year of Publication 2023
300 ## - PAGE DESCRIPTION
No. of Pages 142
650 ## - SUBJECT ADDED ENTRY--TOPICAL TERM
Topical term or geographic name as entry element Orthodontics
653 ## - KEYWORDS--INDEX TERM
Keyword term Orthodontic material
700 ## - ADDED ENTRY--PERSONAL NAME
Personal name Rana, Tarun
942 ## - ADDED ENTRY ELEMENTS (KOHA)
Source of classification or shelving scheme Dewey Decimal Classification
Koha item type Books
Holdings
Withdrawn status Lost status Source of classification or shelving scheme Damaged status Use restrictions Not for loan Home library Current library Shelving location Date acquired SGTU Total Checkouts Full call number Accession No. (Barcode) Date last seen Bill Date Koha item type
    Dewey Decimal Classification   Restricted Access Not For Loan SGT Dental Library SGT Dental Library Reference Book 05/08/2024 SGTU   617.643 R23S FD9338 05/08/2024 05/08/2024 Books